Письмеца. [4]: Возможно всё (Запись № 13513062)

Подробности
000 -МАРКЕР
контрольное поле 00916nam2a2200241 4500
001 - ИДЕНТИФИКАТОР ЗАПИСИ
контрольное поле RU\NLR\BIBL_A\022697159
005 - ИДЕНТИФИКАТОР ВЕРСИИ
контрольное поле 20260303143300.0
010 ## - МЕЖДУНАРОДНЫЙ СТАНДАРТНЫЙ НОМЕР КНИГИ (ISBN)
Номер (ISBN) 978-5-6052901-7-9
Тираж 200
021 ## - НОМЕР ГОСУДАРСТВЕННОЙ РЕГИСТРАЦИИ
Код страны Российская Федерация
Номер КН-П-25-066520
Номер Листа государственной регистраци КН-П-25-6433
035 ## - ДРУГИЕ СИСТЕМНЫЕ НОМЕРА
Идентификатор записи (NLR Aleph) 022697159
100 ## - ДАННЫЕ ОБЩЕЙ ОБРАБОТКИ
Данные общей обработки 20251226d2025 u y0rusy50 ca
101 0# - ЯЗЫК РЕСУРСА
Язык текста, звукозаписи и т.д. русский
102 ## - СТРАНА ПУБЛИКАЦИИ ИЛИ ПРОИЗВОДСТВА
Страна публикации Российская Федерация
105 ## - ПОЛЕ КОДИРОВАННЫХ ДАННЫХ: ТЕКСТОВЫЕ МАТЕРИАЛЫ, МОНОГРАФИЧЕСКИЕ
Кодированные данные о монографическом текстовом документе a|||z|||000gy
200 1# - ЗАГЛАВИЕ И СВЕДЕНИЯ ОБ ОТВЕТСТВЕННОСТИ
Основное заглавие Возможно всё
Сведения, относящиеся к заглавию [конец 2022 г.]
210 ## - ПУБЛИКАЦИЯ, РАСПРОСТРАНЕНИЕ И ДР.
Дата издания, распространения и т.д. 2025
215 ## - ФИЗИЧЕСКАЯ ХАРАКТЕРИСТИКА
Специфическое обозначение материала и объем [19] с.
Другие сведения о физической характеристике цв. ил., табл.
461 #0 - УРОВЕНЬ НАБОРА
Встроенное поле 001RU\NLR\BIBL_A\022688702
-- 2001#$aПисьмеца$e[стихи]$fКротов С. Н.$v[4]
-- 700#1$aКротов$bС. Н.$gСергей Н.
Системный номер (АБИС) связанной записи 13514704
Автор Кротов, С. Н.
Место публикации Саратов
Дата публикации 2024-
Первые сведения об ответственности Кротов С. Н.
Имя издателя, распространителя и т.д. Ваш тираж
Сведения, относящиеся к заглавию [стихи]
Заглавие Письмеца
Номер тома [4]
942 ## - ДОПОЛНИТЕЛЬНЫЕ ЭЛЕМЕНТЫ ЗАПИСИ (АБИС)
Тип экземпляра АБИС Книга
980 ## - КОЛЛЕКЦИЯ
Название коллекции Национальная библиография

Нет доступных экземпляров.